Taylor Swift - Folklore or Evermore - Statistics

General Stats
  • This quiz has been taken 113 times
  • The average score is 31 of 33
Answer Stats
Hint Answer % Correct
champagne problems evermore
98%
gold rush evermore
98%
evermore (feat. Bon Iver) evermore
98%
dorothea evermore
97%
cowboy like me evermore
97%
the 1 folklore
97%
illicit affairs folklore
97%
willow evermore
95%
no body, no crime (feat. HAIM) evermore
95%
long story short evermore
95%
right where you left me - bonus track evermore
95%
it’s time to go - bonus track evermore
95%
the last great american dynasty folklore
95%
seven folklore
95%
invisible string folklore
95%
hoax folklore
95%
ivy evermore
94%
cardigan folklore
94%
my tears ricochet folklore
94%
august folklore
94%
betty folklore
94%
the lakes - bonus track folklore
94%
tolerate it evermore
92%
coney island (feat. The National) evermore
92%
marjorie evermore
92%
closure evermore
92%
mirrorball folklore
92%
this is me trying folklore
92%
peace folklore
92%
exile (feat. Bon Iver) folklore
89%
mad women folklore
89%
happiness evermore
87%
epiphany folklore
81%
No matching quizzes found
Score Distribution
Percent of People with Each Score
Percentile by Number Answered
Your Score History
You have not taken this quiz